Fr. Conceicao Rodrigues College of Engineering

block chain enabled applications (Record no. 20344)

MARC details
000 -LEADER
fixed length control field 00361nam a2200181Ia 4500
082 ## - DEWEY DECIMAL CLASSIFICATION NUMBER
Classification number 5.76
Item number DHI
100 ## - MAIN ENTRY--PERSONAL NAME
Personal name Dhillon/Vikram
250 ## - EDITION STATEMENT
Edition statement 2
245 ## - TITLE STATEMENT
Title block chain enabled applications
260 ## - PUBLICATION, DISTRIBUTION, ETC.
Name of publisher, distributor, etc. Apress
Date of publication, distribution, etc. 2021
366 ## - TRADE AVAILABILITY INFORMATION
Publishers's discount category 27
300 ## - PHYSICAL DESCRIPTION
Extent 380
546 ## - LANGUAGE NOTE
Language note ENGLISH
650 ## - SUBJECT ADDED ENTRY--TOPICAL TERM
Topical term or geographic name entry element Block chain
654 ## - SUBJECT ADDED ENTRY--FACETED TOPICAL TERMS
Focus term bitcoin
942 ## - ADDED ENTRY ELEMENTS (KOHA)
Koha item type BOOK
Holdings
Withdrawn status Lost status Damaged status Not for loan Collection Home library Current library Date acquired Source of acquisition Cost, normal purchase price Inventory number Total Checkouts Total Renewals Full call number Barcode Date due Date last seen Date last checked out Cost, replacement price Price effective from Koha item type
        CRC Fr. Agnel's C.Rodrigues College of Engineering Fr. Agnel's C.Rodrigues- College of Engineering 17/03/2023 A.O enterprises 1094.27 349 dt 18.08.2022 1 2 5.76 DHI 25973 03/02/2024 20/06/2023 20/06/2023 1499.00   BOOK